[Event "TUR Cup"]
[Site "Antalya"]
[Date "2019.01.30"]
[Round "6"]
[White "Erkam, Hakan Oguzcan"]
[Black "Aydin, Hakan Arda"]
[Result "1/2-1/2"]
[WhiteElo "1483"]
[BlackElo "1915"]
[PlyCount "41"]
[EventDate "2019.01.27"]
[EventType "swiss"]
[EventRounds "11"]
[EventCountry "TUR"]
[SourceTitle "CBM 188 Extra"]
[Source "ChessBase"]
[SourceDate "2019.02.28"]
[SourceVersion "1"]
[SourceVersionDate "2019.02.28"]
[SourceQuality "1"]

1. d4 Nf6 2. Nf3 e6 3. Bf4 c5 4. c3 Qb6 5. Qb3 Nc6 6. e3 d5 7. Qxb6 axb6 8. Bc7 Nd7 9. Bb5 Be7 10. 0-0 0-0 11. Nbd2 Bd8 12. Bd6 Be7 13. Bc7 Bd8 14. Bd6 Re8 15. e4 dxe4 16. Nxe4 Nf6 17. Nxf6+ Bxf6 18. dxc5 bxc5 19. Bxc5 e5 20. h3 Bf5 21. Rfd1 1/2-1/2

[Event "TUR Cup"]
[Site "Antalya"]
[Date "2019.01.30"]
[Round "5"]
[White "Hatirli, Ugur Can"]
[Black "Erkam, Hakan Oguzcan"]
[Result "1-0"]
[WhiteElo "1713"]
[BlackElo "1483"]
[PlyCount "63"]
[EventDate "2019.01.27"]
[EventType "swiss"]
[EventRounds "11"]
[EventCountry "TUR"]
[SourceTitle "CBM 188 Extra"]
[Source "ChessBase"]
[SourceDate "2019.02.28"]
[SourceVersion "1"]
[SourceVersionDate "2019.02.28"]
[SourceQuality "1"]

1. b3 Nf6 2. Bb2 d5 3. e3 Bf5 4. f4 c5 5. Nf3 Nc6 6. Bb5 a6 7. Bxc6+ bxc6 8. 0-0 Bg4 9. h3 Bxf3 10. Qxf3 Qd7 11. d3 e6 12. Nd2 Be7 13. Qe2 0-0 14. Nf3 a5 15. a4 Qb7 16. g4 c4 17. dxc4 dxc4 18. Qxc4 Nd5 19. Rae1 Nb6 20. Qe4 Nd5 21. g5 Qc8 22. c4 Nb4 23. f5 Re8 24. f6 Bc5 25. Ne5 g6 26. h4 Qc7 27. Re2 Rad8 28. h5 Qb6 29. hxg6 hxg6 30. Qxg6+ fxg6 31. f7+ Kf8 32. Nxg6# 1-0

[Event "TUR Cup"]
[Site "Antalya"]
[Date "2019.01.28"]
[Round "3"]
[White "Kiraz, Yigit"]
[Black "Erkam, Hakan Oguzcan"]
[Result "1-0"]
[WhiteElo "1673"]
[BlackElo "1483"]
[PlyCount "69"]
[EventDate "2019.01.27"]
[EventType "swiss"]
[EventRounds "11"]
[EventCountry "TUR"]
[SourceTitle "CBM 188 Extra"]
[Source "ChessBase"]
[SourceDate "2019.02.28"]
[SourceVersion "1"]
[SourceVersionDate "2019.02.28"]
[SourceQuality "1"]

1. e4 d6 2. d4 Nf6 3. Nc3 g6 4. Be2 Bg7 5. Nf3 0-0 6. 0-0 Nbd7 7. e5 dxe5 8. dxe5 Ng4 9. e6 fxe6 10. Ng5 Nxf2 11. Rxf2 Rxf2 12. Kxf2 Qf8+ 13. Kg1 Ne5 14. Qf1 Bd7 15. Be3 h6 16. Qxf8+ Rxf8 17. Nge4 Bc6 18. Rd1 a6 19. Nc5 Rf6 20. Bd4 Rf5 21. Nxe6 Kf7 22. Nxg7 Kxg7 23. Rf1 Rg5 24. Bf3 Bxf3 25. Rxf3 c5 26. Bxe5+ Rxe5 27. Kf2 b5 28. Re3 Rf5+ 29. Ke2 Rg5 30. g3 Kf8 31. h4 Rg4 32. Ne4 c4 33. c3 b4 34. Nf2 bxc3 35. bxc3 1-0

[Event "TUR Cup										"]
[Site "Antalya"]
[Date "2018.02.02"]
[Round "10"]
[White "Demir, Halil Ibrahim"]
[Black "Erkam, Hakan Oguzcan"]
[Result "1-0"]
[WhiteElo "1642"]
[BlackElo "1398"]
[PlyCount "116"]
[EventDate "2018.01.27"]
[EventType "swiss"]
[EventRounds "11"]
[EventCountry "TUR"]
[SourceTitle "CBM 182 Extra"]
[Source "ChessBase"]
[SourceDate "2018.02.23"]
[SourceVersion "1"]
[SourceVersionDate "2018.02.23"]
[SourceQuality "1"]

1. e4 d6 2. d4 Nf6 3. Nc3 g6 4. Be3 Bg7 5. Qd2 0-0 6. Be2 e5 7. Nf3 Ng4 8. 0-0-0 Nxe3 9. Qxe3 exd4 10. Nxd4 Nc6 11. Nb3 f5 12. Bc4+ Kh8 13. h4 Ne5 14. Be2 f4 15. Qd2 Ng4 16. Bxg4 Bxg4 17. f3 Bd7 18. h5 g5 19. h6 Be5 20. Kb1 c6 21. Nc1 Qa5 22. Nd3 Bxc3 23. bxc3 Be6 24. Nc1 Rad8 25. Rh5 Qe5 26. g4 Bf7 27. Rh2 a5 28. Nd3 Qe6 29. Nc1 b5 30. Qd4+ Qe5 31. Qxe5+ dxe5 32. Rhd2 Rb8 33. Rd6 b4 34. cxb4 Rxb4+ 35. Ka1 Rfb8 36. Rd8+ Be8 37. Rxb8 Rxb8 38. Rd6 Kg8 39. Nd3 Rb5 40. Re6 Kf7 41. Rxe5 Rxe5 42. Nxe5+ Ke6 43. Nc4 a4 44. Kb2 Kf6 45. Nd6 Bd7 46. Kc3 Be6 47. a3 Ke7 48. Nf5+ Kd7 49. Kb4 Kc7 50. Kxa4 Bc4 51. Kb4 Be2 52. Nd4 Bf1 53. Kc5 Kd7 54. c4 Bd3 55. a4 Kc7 56. Ne6+ Kb7 57. Nxg5 Ka6 58. Nxh7 Ka5 1-0

[Event "TUR Cup										"]
[Site "Antalya"]
[Date "2018.02.01"]
[Round "9"]
[White "Erkam, Hakan Oguzcan"]
[Black "Koc, Serkan"]
[Result "0-1"]
[WhiteElo "1398"]
[BlackElo "1679"]
[PlyCount "70"]
[EventDate "2018.01.27"]
[EventType "swiss"]
[EventRounds "11"]
[EventCountry "TUR"]
[SourceTitle "CBM 182 Extra"]
[Source "ChessBase"]
[SourceDate "2018.02.23"]
[SourceVersion "1"]
[SourceVersionDate "2018.02.23"]
[SourceQuality "1"]

1. e4 c5 2. Nf3 d6 3. Bb5+ Bd7 4. Bxd7+ Nxd7 5. c4 Ngf6 6. Nc3 g6 7. d4 cxd4 8. Nxd4 Rc8 9. Qe2 a6 10. 0-0 Ne5 11. Kh1 Nxc4 12. f4 Bg7 13. f5 Ne5 14. Bg5 Qb6 15. Rad1 Rc4 16. Be3 Nfg4 17. Nd5 Qd8 18. Bg5 Nf6 19. fxg6 hxg6 20. Bxf6 exf6 21. Rc1 Rxd4 22. Nc7+ Kd7 23. Nxa6 bxa6 24. Qxa6 Qb8 25. Rc3 Ke7 26. Rfc1 Nd7 27. h3 Nc5 28. Qa5 Rc8 29. a3 Qxb2 30. Qa7+ Ke8 31. Qa6 Qxc1+ 32. Rxc1 Nxa6 33. Rxc8+ Ke7 34. Ra8 Nc5 35. Ra7+ Ke6 0-1

[Event "TUR Cup										"]
[Site "Antalya"]
[Date "2018.01.27"]
[Round "1"]
[White "Erkam, Hakan Oguzcan"]
[Black "Degirmenci, Yagiz"]
[Result "0-1"]
[WhiteElo "1398"]
[BlackElo "1837"]
[PlyCount "108"]
[EventDate "2018.01.27"]
[EventType "swiss"]
[EventRounds "11"]
[EventCountry "TUR"]
[SourceTitle "CBM 182 Extra"]
[Source "ChessBase"]
[SourceDate "2018.02.23"]
[SourceVersion "1"]
[SourceVersionDate "2018.02.23"]
[SourceQuality "1"]

1. e4 d6 2. d4 g6 3. Nc3 Bg7 4. Nf3 c6 5. Be3 Nf6 6. h3 0-0 7. Qd2 Qc7 8. Bh6 Nbd7 9. Bxg7 Kxg7 10. Bd3 e5 11. 0-0 exd4 12. Nxd4 Ne5 13. Nf5+ Bxf5 14. exf5 Qd7 15. Rad1 d5 16. Rfe1 Rae8 17. Qg5 Nxd3 18. cxd3 Qxf5 19. Qxf5 gxf5 20. Kf1 Rxe1+ 21. Rxe1 Re8 22. Rxe8 Nxe8 23. Ne2 Kf6 24. Ke1 Nc7 25. Kd2 c5 26. d4 b6 27. a4 Ne6 28. Kc3 Nxd4 29. Nxd4 cxd4+ 30. Kxd4 Ke6 31. f4 a5 32. Kd3 h5 33. Ke3 Kd6 34. Kd4 f6 35. Kd3 Kc5 36. Kc3 d4+ 37. Kd3 Kd5 38. g3 Kc5 39. h4 Kd5 40. b3 Kc5 41. Kc2 Kb4 42. Kd3 Kxb3 43. Kxd4 Kxa4 44. Kd5 b5 45. Ke6 b4 46. Kxf5 b3 47. Kxf6 b2 48. f5 b1Q 49. Kg5 Kb5 50. f6 Qh7 51. Kf4 Qg6 52. Ke5 a4 53. Ke6 a3 54. Ke7 a2 0-1